<?xml version="1.0" encoding="UTF-8"?>
<record
    xmlns:xsi="http://www.w3.org/2001/XMLSchema-instance"
    xsi:schemaLocation="http://www.loc.gov/MARC21/slim http://www.loc.gov/standards/marcxml/schema/MARC21slim.xsd"
    xmlns="http://www.loc.gov/MARC21/slim">

  <leader>03298cam a22004218i 4500</leader>
  <datafield tag="999" ind1=" " ind2=" ">
    <subfield code="c">28010</subfield>
    <subfield code="d">27981</subfield>
  </datafield>
  <controlfield tag="001">21078451</controlfield>
  <controlfield tag="003">EG-ScBUE</controlfield>
  <controlfield tag="005">20201203105506.0</controlfield>
  <controlfield tag="008">190712t2020    gw a   f      001 0 eng d</controlfield>
  <datafield tag="020" ind1=" " ind2=" ">
    <subfield code="a">9783132417878</subfield>
  </datafield>
  <datafield tag="035" ind1=" " ind2=" ">
    <subfield code="a">(DNLM)101750953</subfield>
  </datafield>
  <datafield tag="040" ind1=" " ind2=" ">
    <subfield code="a">DNLM/DLC</subfield>
    <subfield code="b">eng</subfield>
    <subfield code="e">rda</subfield>
    <subfield code="c">DLC</subfield>
    <subfield code="d">EG-ScBUE</subfield>
  </datafield>
  <datafield tag="082" ind1="0" ind2="4">
    <subfield code="a">617.63</subfield>
    <subfield code="b">LAS</subfield>
    <subfield code="2">22</subfield>
  </datafield>
  <datafield tag="100" ind1="1" ind2=" ">
    <subfield code="a">Laskaris, George,</subfield>
    <subfield code="e">author.</subfield>
  </datafield>
  <datafield tag="245" ind1="1" ind2="0">
    <subfield code="a">Pocket atlas of oral diseases /</subfield>
    <subfield code="c">George Laskaris, associate professor of oral medicine, Medical School, University of Athens, Athens, Greece, former head of oral medicine, Department of Dermatology, "A. Sygros" Hospital, Athens, Greece, visiting professor, University of London, London, UK.</subfield>
  </datafield>
  <datafield tag="246" ind1="3" ind2="4">
    <subfield code="a">Pocket atlas of oral diseases :</subfield>
    <subfield code="b">clinical sciences</subfield>
  </datafield>
  <datafield tag="250" ind1=" " ind2=" ">
    <subfield code="a">Third edition.</subfield>
  </datafield>
  <datafield tag="250" ind1=" " ind2=" ">
    <subfield code="a">Updated and expanded.</subfield>
  </datafield>
  <datafield tag="264" ind1=" " ind2="1">
    <subfield code="a">Stuttgart, Germany :</subfield>
    <subfield code="b">Thieme,</subfield>
    <subfield code="c">[2020]</subfield>
  </datafield>
  <datafield tag="264" ind1=" " ind2="4">
    <subfield code="c">c2020</subfield>
  </datafield>
  <datafield tag="300" ind1=" " ind2=" ">
    <subfield code="a">xix, 413 pages :</subfield>
    <subfield code="b">color illustrations ;</subfield>
    <subfield code="c">20 cm.</subfield>
  </datafield>
  <datafield tag="336" ind1=" " ind2=" ">
    <subfield code="a">text</subfield>
    <subfield code="b">txt</subfield>
    <subfield code="2">rdacontent</subfield>
  </datafield>
  <datafield tag="336" ind1=" " ind2=" ">
    <subfield code="a">still image</subfield>
    <subfield code="b">sti</subfield>
    <subfield code="2">rdacontent</subfield>
  </datafield>
  <datafield tag="337" ind1=" " ind2=" ">
    <subfield code="a">unmediated</subfield>
    <subfield code="b">n</subfield>
    <subfield code="2">rdamedia</subfield>
  </datafield>
  <datafield tag="338" ind1=" " ind2=" ">
    <subfield code="a">volume</subfield>
    <subfield code="b">nc</subfield>
    <subfield code="2">rdacarrier</subfield>
  </datafield>
  <datafield tag="490" ind1="0" ind2=" ">
    <subfield code="a">Thieme flexibook</subfield>
  </datafield>
  <datafield tag="500" ind1=" " ind2=" ">
    <subfield code="a">Based on Color atlas of oral diseases / George Laskaris. Fourth edition. 2017.</subfield>
  </datafield>
  <datafield tag="500" ind1=" " ind2=" ">
    <subfield code="a">Includes index.</subfield>
  </datafield>
  <datafield tag="505" ind1="0" ind2=" ">
    <subfield code="a">White lesions -- Red lesions -- Black and brown lesions -- Vesiculobullous lesions -- Ulcerative lesions -- Papillary lesions -- Gingival enlargement -- Soft-tissue tumors -- Soft-tissue cysts -- Bone swellings -- Neck swellings -- Lip disorders -- Tongue disorders.</subfield>
  </datafield>
  <datafield tag="520" ind1=" " ind2=" ">
    <subfield code="a">"The complete pictorial guide to oral diseases, a pocket-sized bestseller now in its third edition! A derivative of Prof. Laskaris' best-selling hardcover atlas, the Pocket Atlas of Oral Diseases provides complete information on the diagnosis and treatment of an exhaustive variety of oral diseases. The work is a practical interdisciplinary pocket reference for dentists, dermatologists, otolaryngologists, primary care practitioners, and dental and medical students. Highlights include: Full coverage of both local and systemic oral diseases and conditions; Complete lists of laboratory tests, differential diagnoses, and concise treatment guidelines for all conditions; Consistently structured headings to cover each condition: definition, etiology, clinical features, lab tests, differential diagnosis, and treatment; Exquisite, high-resolution color photographs and concise texts that lead the reader through the diagnostic process Among the revisions in the new edition are: Over 40 new disease entities and a new chapter have been added; The pictorial material has been renewed and enriched at a level of 95% with high-standard color images. An introduction to Oral Medicine and a schematic classification of oral diseases in the form of a tree have been added. George Laskaris' Pocket Atlas of Oral Diseases is a superb reference work of invaluable practical use to any clinician involved in the oral cavity"--</subfield>
    <subfield code="c">Provided by publisher.</subfield>
  </datafield>
  <datafield tag="650" ind1=" " ind2="7">
    <subfield code="a">Mouth</subfield>
    <subfield code="x">Diseases</subfield>
    <subfield code="x">Diagnosis.</subfield>
    <subfield code="2">BUSeh</subfield>
    <subfield code="9">41423</subfield>
  </datafield>
  <datafield tag="650" ind1=" " ind2="7">
    <subfield code="a">Mouth</subfield>
    <subfield code="x">Diseases</subfield>
    <subfield code="v">Atlases.</subfield>
    <subfield code="2">BUSeh</subfield>
  </datafield>
  <datafield tag="650" ind1=" " ind2="7">
    <subfield code="a">Tooth Diseases</subfield>
    <subfield code="x">diagnosis.</subfield>
    <subfield code="2">BUSeh</subfield>
  </datafield>
  <datafield tag="653" ind1=" " ind2=" ">
    <subfield code="b">DDENT</subfield>
    <subfield code="c">February2020</subfield>
  </datafield>
  <datafield tag="655" ind1=" " ind2="2">
    <subfield code="v">Reading book</subfield>
    <subfield code="9">34232</subfield>
  </datafield>
  <datafield tag="942" ind1=" " ind2=" ">
    <subfield code="2">ddc</subfield>
    <subfield code="c">BB</subfield>
  </datafield>
  <datafield tag="952" ind1=" " ind2=" ">
    <subfield code="0">0</subfield>
    <subfield code="1">0</subfield>
    <subfield code="2">ddc</subfield>
    <subfield code="4">0</subfield>
    <subfield code="7">0</subfield>
    <subfield code="8">Baccah</subfield>
    <subfield code="a">MAIN</subfield>
    <subfield code="b">MAIN</subfield>
    <subfield code="c">1ST</subfield>
    <subfield code="d">2020-02-08</subfield>
    <subfield code="e">Purchase</subfield>
    <subfield code="g">1100.00</subfield>
    <subfield code="h">34028</subfield>
    <subfield code="l">3</subfield>
    <subfield code="m">19</subfield>
    <subfield code="o">617.63 LAS</subfield>
    <subfield code="p">000048584</subfield>
    <subfield code="r">2025-07-15 00:00:00</subfield>
    <subfield code="s">2022-10-20</subfield>
    <subfield code="v">1385.00</subfield>
    <subfield code="w">2020-02-08</subfield>
    <subfield code="y">BB</subfield>
  </datafield>
</record>
